000 00740nam a2200229 i 4500
001 150113
003 ES-MaACL
005 20260525062935.0
007 t|
008 071026s1961 sp ||||1| spa d
080 _a821.134.2-31"19"
080 _a94(460)"1843/68"(0:82)
100 1 _aValle-Inclán, Ramón del,
_d1866-1936
_9112796
245 1 3 _aLa corte de los milagros
_b: (El ruedo ibérico) /
_cRamón del Valle-Inclán.
260 _aMadrid :
_bEspasa-Calpe,
_c[1961]
300 _a242 p. ;
_c18 cm.
490 1 _aColección Austral ;
_v1296
651 4 _aEspaña-
_xHistoria-
_y1843-1868, Isabel II-
_vNovelas.
_9166739
830 0 _aColección austral
_v1296
_9177655
852 _aES-MaACL
_jG-10125
_bR.47141
999 _c150113
_d150113